| 000 | 00681nam a2200169 a 4500 | ||
|---|---|---|---|
| 001 | 000014299 | ||
| 005 | 20240307073950.0 | ||
| 008 | 091209s1988 dr 000 0 spa d | ||
| 040 |
_aDO-SdBNP _bspa _cBNPHU |
||
| 082 |
_axxx _bR426 |
||
| 110 | 1 |
_aRepública Dominicana. _b Junta Central Electoral _964605 |
|
| 245 | 1 | 0 | _aElecciones generales del 16 mayo de 1986. |
| 260 |
_aSanto Domingo : _bJunta Central Electoral, _c1988. |
||
| 300 |
_a79 p. ; _c19 cm. |
||
| 500 | _aRelación general del resultado de las elecciones generales ordinarias del 16 de mayo de 1986 y determinación de los candidatos elegidos para los cargos nacionales, congresionales y municipales | ||
| 049 | _aBNPD | ||
| 999 |
_c13895 _d13895 |
||